Just a Man - Epic the Musical - Statistics

General Stats
  • This quiz has been taken 786 times
  • The average score is 164 of 182
Answer Stats
Hint Answer % Correct
a
100%
Odysseus I
100%
man
97%
the
97%
when
97%
When
97%
you
97%
just
96%
son
96%
and
95%
And
95%
for
95%
I'm
95%
to
95%
your
95%
eyes
93%
look
93%
my
93%
he
92%
into
91%
left
91%
me
91%
mine
91%
of
91%
war
91%
become
90%
does
90%
as
89%
home
89%
monster
89%
was
89%
back
88%
how
88%
think
88%
Close
87%
commet
87%
could
87%
go
87%
hurt
87%
I've
87%
old
87%
trying
87%
You're
87%
meteor
86%
wife
86%
But
85%
comet
85%
all
84%
candle
84%
every
84%
fighting
84%
his
84%
Is
84%
life
84%
view
84%
yourself
84%
spare
83%
after
82%
blaze
82%
wave
82%
actions
81%
away
81%
blame
81%
even
81%
price
81%
these
81%
years
81%
days
80%
from
80%
known
80%
pain
80%
pay
80%
reason
80%
tidal
80%
Odysseus Forgive
79%
ripple
79%
what
79%
world
79%
would
79%
endless
78%
trade
77%
deep
76%
down
76%
haunt
76%
Will
75%
slain
74%
whose
72%
save
15%
No matching quizzes found
Score Distribution
Percent of People with Each Score
Percentile by Number Answered
Your Score History
You have not taken this quiz